| 000 | 00838nam a2200217 a 4500 | ||
|---|---|---|---|
| 008 | 060316s1995 ||||||||||||||||| || u | ||
| 020 | _a0521474205 | ||
| 020 | _a0521479495 | ||
| 050 | _aHB 74.P8 New | ||
| 100 | _aTommasi, Mariano | ||
| 245 | 1 | 4 |
_aThe New economics of human behavior _cedited by Mariano Tommasi |
| 260 |
_aCambridge [England] : _bCambridge University Press _c1995 |
||
| 300 | _axvii, 238 p. : ill. | ||
| 350 | _a0.00 | ||
| 500 | _aIncludes bibliographical references | ||
| 650 | _aECONOMICS--SOCIAL ASPECTS | ||
| 650 | 0 | _aECONOMICS--PSYCHOLOGICAL ASPECTS | |
| 700 | _aIerulli, Kathryn | ||
| 856 | _uhttp://www.loc.gov/catdir/toc/cam021/94019809.html | ||
| 995 |
_D0.00 _FCBU-MAIN LIBRARY (Kitwe) _H1 _I17.50 _UAVAILABLE _ZMain Library Open Access Collection |
||
| 999 |
_c52116 _d52116 |
||